Culture Générale - Série 1978 - Statistiques

Statistiques générales
  • Ce quiz a été pris 76 fois
  • Le résultat moyen est 2 sur 10
Statistiques - réponses
Question Réponse % Correct
Quel mot anglais signifie "allure, apparence, style" ? look
57%
En quelle année l'ENA a-t-elle été créée ? 1945
50%
Quel nom donne-t-on à un jeune cerf ou jeune daim ? daguet
32%
Chaume laissé sur place après la moisson éteule
26%
Dans la mythologie grecque, quelle est la soeur et l'épouse de Cronos ? Rhéa
24%
Qui a réalisé "Le docteur Jivago" en 1966 ? David Lean
22%
Quel nombre sans dimension, noté Ma, exprime le rapport de la vitesse locale d'un fluide à la vitesse du son dans ce même fluide ? mach
8%
Cette plante représentée sur la photo s'appelle "nigelle de .... Damas
7%
Quel vent en provenance du sud-est est opposé au noroît ? suet
4%
Comment appelle-t-on un marin de la Marine nationale française (2 mots) ? col bleu
3%
Aucun quiz correspondant
Distribution des résultats
% des personnes avec chaque résultat
Percentile par nombre de réponses
Votre historique - résultats
Vous n’avez pas pris ce quiz